000 01741cam a22004574a 4500
999 _c1231
_d1231
001 3530977
003 ALUPE UNIVERSITY
005 20210624103038.0
008 030519s2004 caua 001 0 eng
010 _a 2003052278
015 _aGBA561901
_2bnb
016 7 _a009629403
_2Uk
020 _a0131020153 (alk. paper)
020 _a0805357475 (CDROM)
020 _a0805359575
020 _a0805361286 (CDROM)
020 _a0321226879
035 _aon1034282775
040 _aDLC
_beng
_cALUPE UNIVERSITY
_dALUPE UNIVERSITY
_dY9D
_dSBH
_dUKM
_dBAKER
_dNLGGC
_dAEU
042 _apcc
049 _aUABA
050 0 0 _aQP34.5
_b.S55 2004
082 0 0 _a612
_221
084 _a44.37
_2bcl
090 _aQP 34.5 S55 2004
_bAEU
100 1 _aSilverthorn, Dee Unglaub,
_d1948-
245 1 0 _aHuman physiology :
_ban integrated approach /
_cDee Unglaub Silverthorn, with William C. Ober, illustration coordinator ; Claire W. Garrison, illustrator ; Andrew C. Silverthorn, clinical consultant ; with contributions by Bruce R. Johnson.
250 _a3rd ed.
260 _aSan Francisco :
_bPearson/Benjamin Cummings,
_cc2004.
300 _axxxii, 878 p. :
_bcol. ill. ;
_c29 cm.
336 _atext
_btxt
_2rdacontent
337 _aunmediated
_bn
_2rdamedia
338 _avolume
_bnc
_2rdacarrier
500 _aIncludes index.
583 1 _acommitted to retain
_c20170930
_d20421231
_fHathiTrust
_uhttps://www.hathitrust.org/shared_print_program
_5AEU
_zHathiTrust Shared Print commitment 2017
590 _aUniversity of Alberta copy does not include access to single user supplementary licensed electronic material.
650 0 _aHuman physiology.
650 2 _aPhysiology.
942 _2lcc
_cBK
_nDO
949 _hUAHL-B
_i0162021816895